000
00284nam a22001217a 4500
008
180912b xxu||||| |||| 00| 0 eng d
041
_a
eng
080
_a
617
100
_a
5
101
_a
KIR
245
_a
Surgical Mnagement Cerbrovascular Disease
_c
Ojemann.R.G
942
_2
udc
_c
BK
999
_c
47701
_d
47701